| 000 | 00910nam a2200289Ia 4500 | ||
|---|---|---|---|
| 001 | dia_193 | ||
| 003 | CHAP | ||
| 005 | 20230605112011.0 | ||
| 008 | 220117s1991 xx 000 0 und d | ||
| 010 | _a170624 | ||
| 020 | _a968-7270-60-8 | ||
| 040 | _cCHAP | ||
| 082 | _a519.4 M66 1991 | ||
| 100 | 1 |
_aMontgomery, Douglas C. _977928 |
|
| 245 |
_aDiseño y análisis de experimentos / _c Douglas C. Montgomery ; traducción Jaime Delgado Saldivar |
||
| 260 |
_aMéxico : _b Iberoamérica, _c1991 |
||
| 300 | _axii, 589 p. | ||
| 500 | _aTítulo original: Design and analysis of experiments | ||
| 503 | _aI. 210910 | ||
| 504 | _aBibliografía: p. 531-536 | ||
| 650 |
_aDiseños experimentales _932735 |
||
| 700 |
_aDelgado Saldivar, Jaime, tr. _9147540 |
||
| 901 | _a519.4 M66 1991 | ||
| 902 | _aM | ||
| 905 | _a5232271991 mx A 8222223322spa16 | ||
| 942 |
_cLIBRO _2ddc |
||
| 999 |
_c170624 _d170624 |
||